Culture Générale - Série 578 - Statistiques

Statistiques générales
  • Ce quiz a été pris 203 fois
  • Le résultat moyen est 6 sur 10
Statistiques - réponses
Question Réponse % Correct
Combien y a-t-il de millimètres dans 5 centimètres ? 50
95%
Avec l'anglais, quelle est la deuxième langue officielle du Cameroun ? français
90%
Quel État d'Amérique du Sud a des frontières terrestres avec la Colombie, le Brésil et la Guyana ? Venezuela
76%
Entre 1970 et 1975, de quel instrument de musique Phil Collins jouait-il généralement au sein du groupe Genesis ? batterie
73%
Quel artiste a peint la série des "Nymphéas" à Giverny ? Claude Monet
70%
Quel est le titre de la version anglaise du tube "Comme d'habitude", chantée par Frank Sinatra et Elvis Presley ? My Way
69%
Qu'est-ce qu'une épinoche ? poisson
51%
Quel cinéaste américain a réalisé la trilogie baptisée "Le Parrain" ? Francis Ford Coppola
45%
Quel grand couturier arlésien a relooké les TGV en 2005 ? Christian Lacroix
29%
Quel prénom Serge Gainsbourg met-il à l'honneur dans sa chanson : "Elaeudanla Teïtéïa" ? Laetitia
25%
Aucun quiz correspondant
Distribution des résultats
% des personnes avec chaque résultat
Percentile par nombre de réponses
Votre historique - résultats
Vous n’avez pas pris ce quiz